| 000 | 00872na a2200277 4500 | ||
|---|---|---|---|
| 001 | 16385 | ||
| 003 | MIRAKIL | ||
| 005 | 20181213154824.0 | ||
| 008 | 161004b tu 000 0 | ||
| 020 | _a9755122508 | ||
| 035 | _a16385 | ||
| 040 |
_aMilas _btur _cTR-AnCHP |
||
| 041 | _atur | ||
| 082 |
_a338.4561 _bİ51d 1998 |
||
| 090 | _a338.4561 İ51d 1998 | ||
| 100 | _aİncekara, Ahmet | ||
| 245 |
_aDoğu Anadolu'da kış turizmi ve gelişme olanakları _cAhmet İncekara |
||
| 260 |
_aİstanbul _bİstanbul Ticaret Odası (İTO) _c1998 |
||
| 300 |
_a64 s. _btbl. _c24 sm. |
||
| 490 |
_aİstanbul Ticaret Odası yayınları _v1998-18 |
||
| 504 | _aKaynakça var. | ||
| 651 |
_aTürkiye _xKış turizmi _yÖneriler |
||
| 651 |
_aİç Anadolu Bölgesi _xKış turizmi _yÖneriler |
||
| 651 |
_aDoğu Anadolu Bölgesi _xKış turizmi _yÖneriler |
||
| 942 |
_2dcc _cBKS |
||
| 999 |
_c1492 _d1492 |
||